Normal view
MARC view
- COOPERATIVISMO
Entry Materia
001 - NÚMERO DE CONTROL DEL REGISTRO
- campo de control: 12423
003 - IDENTIFICADOR DE NUMERO DE CONTROL
- campo de control: UPN
005 - FECHA Y HORA DE LA ÚLTIMA TRANSACCIÓN
- campo de control: 20210219193804.0
008 - DATOS DE LONGITUD FIJA
- campo de control de longitud fija: nabaccnnaabn|||||||||| b |nc|||||d
035 ## - NÚMERO DE CONTROL DEL SISTEMA
- Número de control del sistema: UPN10000012430
040 ## - FUENTE DE LA CATALOGACIÓN
- Lengua de catalogación: SPA
- Agencia de transcripción: UPN
053 #4 - NÚMERO CLASIFICADOR - BIBLIOTECA DEL CONGRESO (LC)
- Elemento numérico de la clasificación - Número único o no. inicial del rango: HD2951
- Elemento numérico de la clasificación - Número único o no. final del rango: HD3575
150 ## - ENCABEZAMIENTO - TEMÁTICO
- Término de materia o nombre geográfico como elemento inicial: COOPERATIVISMO
550 ## - VÉASE ADEMÁS - MATERIA
- Encabezamiento temático o nombre geográfico como elemento de entrada: COOPERACION
670 ## - FUENTE EN LA QUE SE LOCALIZARON DATOS
- Cita de la fuente: A
680 ## - NOTA GENERAL CON DESPLIEGUE PÚBLICO
- Texto explicativo: Usase para las obras que tratan de la teoría e historia de la cooperación y del movimiento cooperativista. Las que tratan específicamente de la naturaleza y organización de las empresas cooperativas y de las leyes que las rigen, aparecen bajo
- Encabezamiento: COOPERATIVAS
902 ## - CATALOGADOR
- Catalogador: LG/200397
